000
00284nam a22001337a 4500
008
181031b xxu||||| |||| 00| 0 eng d
020
_a
9780073529417
041
_a
eng
080
_2
4th
_a
316
100
_a
50
101
_a
SOC
245
_a
Women's Live
_c
Kirk,G
942
_2
udc
_c
BK
999
_c
51230
_d
51230